[Event "Opatija op 2nd"]
[Site "Opatija"]
[Date "2014.07.03"]
[Round "6"]
[White "Kyrkjebo, Hannah Bakken"]
[Black "Gunsek, Alfred"]
[Result "0-1"]
[WhiteElo "1761"]
[BlackElo "1702"]
[PlyCount "108"]
[EventDate "2014.06.29"]
[EventType "swiss"]
[EventRounds "9"]
[EventCountry "CRO"]
[SourceTitle "CBM 161 Extra"]
[Source "ChessBase"]
[SourceDate "2014.08.29"]
[SourceVersion "1"]
[SourceVersionDate "2014.08.29"]
[SourceQuality "1"]

1. e4 c5 2. Nc3 Nc6 3. Bb5 g6 4. Bxc6 dxc6 5. d3 Bg7 6. f4 e5 7. Nf3 Bg4 8. 0-0 exf4 9. Bxf4 Bxc3 10. bxc3 Qe7 11. h3 Be6 12. Ng5 f6 13. Nxe6 Qxe6 14. d4 0-0-0 15. Qd3 Ne7 16. Rab1 Rd7 17. a4 Rhd8 18. Be3 f5 19. e5 Nd5 20. Bg5 Ne7 21. Rf4 Rd5 22. Qc4 R8d7 23. Rbf1 Ng8 24. Rh4 h6 25. Bxh6 Nxh6 26. Rxh6 Rxe5 27. Qxe6 Rxe6 28. Rh4 cxd4 29. cxd4 Re2 30. Rf2 Rde7 31. Rhf4 R2e4 32. c3 b6 33. Rxe4 Rxe4 34. Kf1 Re3 35. Rf3 Re4 36. Kf2 Kd7 37. Re3 Rxe3 38. Kxe3 a6 39. Kf4 a5 40. Ke3 b5 41. Kd3 Kd6 42. Kc2 Kd5 43. Kb3 g5 44. axb5 cxb5 45. Ka3 Kc4 46. Kb2 a4 47. Ka2 b4 48. d5 b3+ 49. Kb1 Kxd5 50. Kb2 Kc4 51. Kb1 Kxc3 52. Kc1 f4 53. Kb1 b2 54. Ka2 Kc2 0-1

[Event "Ptuj op 7th"]
[Site "Ptuj"]
[Date "2012.12.25"]
[Round "5"]
[White "Podkriznik, Aleksander"]
[Black "Gunsek, Alfred"]
[Result "1/2-1/2"]
[WhiteElo "1787"]
[BlackElo "1603"]
[PlyCount "76"]
[EventDate "2012.12.22"]
[EventType "swiss"]
[EventRounds "9"]
[EventCountry "SLO"]
[SourceTitle "CBM 152 Extra"]
[Source "ChessBase"]
[SourceDate "2013.02.25"]
[SourceVersion "1"]
[SourceVersionDate "2013.02.25"]
[SourceQuality "1"]

1. e4 e6 2. d4 d5 3. Nd2 g6 4. e5 c5 5. c3 Nc6 6. Ndf3 Bd7 7. Bd3 cxd4 8. cxd4 Qa5+ 9. Kf1 Qb6 10. Ne2 Nb4 11. Bb1 Bb5 12. a3 Qa6 13. Be3 Rc8 14. Ne1 Nh6 15. h3 Bg7 16. a4 Bxe2+ 17. Qxe2 Qxe2+ 18. Kxe2 Nc6 19. Bd3 0-0 20. b4 Rc7 21. f4 Rfc8 22. Nf3 Ne7 23. Bd2 Bf8 24. Rhg1 Kg7 25. h4 b6 26. b5 Kh8 27. Ng5 Kg8 28. h5 Bg7 29. hxg6 hxg6 30. Kf3 Kf8 31. Nh7+ Ke8 32. Rh1 Nhg8 33. Bb4 Kd7 34. Ng5 Ke8 35. Rh7 Kf8 36. Rah1 Rc1 37. R7h2 Rxh1 38. Rxh1 Bh6 1/2-1/2